| 000 | 00440pab a2200169 454500 | ||
|---|---|---|---|
| 008 | 180718b1995 xxu||||| |||| 00| 0 eng d | ||
| 100 | _aKumat, R.S. | ||
| 245 |
_aPanchayati raj and poverty alleviation _bneed for new administrative structure. |
||
| 260 | _c1995 | ||
| 300 | _ap.5-10 | ||
| 362 | _aJul-Dec | ||
| 650 | _aPoverty - India | ||
| 650 | _aPanchayat - India | ||
| 650 | _aPanchayat | ||
| 773 | _aPrashasnika | ||
| 909 | _a31080 | ||
| 999 |
_c31080 _d31080 |
||